Vnitřní bezpečnostní sbory a zpravodajské služby ve Střední Evropě mapování proměn vnitřního bezpečnostního pole na případech České republiky, Maďarska, Polska a Slovenska

Bibliographic Details
Main Author: Tvrdá, Kateřina (Author)
Format: Book
Language:Czech
PhysicalDescription:273 strán grafy, schémy, tabuľky 21 cm
Published: Brno Centrum pro studium demokracie a kultury Masarykova univerzita 2018
ISBN:9788073254650
9788021091436
Edition:1. vydání
Series:Politologická řada
Subjects:

MARC

LEADER 00000cam a2200000 4500
001 vtls011858679
003 SK-MaSNL
005 20260425233736.0
008 210701s2018 xr da frn 000 0 cze
015 |a SNBZSA2020/03 
020 |a 9788073254650  |q (CDK ;  |q brožované) 
020 |a 9788021091436  |q (Masarykova univerzita ;  |q brožované) 
035 |a urn:nbn:sk:snk-am00fggy 
035 |a urn:nbn:sk:snk-am3isso 
035 |a 944E50C7-9BD2-49B0-BA40-60FDAE91BD0D 
040 |a SNK  |b slo  |c SNK  |e rda 
041 0 |a cze 
043 |a e-xr---  |a e-hu---  |a e-pl---  |a e-xo--- 
044 |a xr  |c CZ 
072 7 |a 351  |x Úlohy verejnej správy, správne opatrenia. Legislatíva  |2 konspekt 
080 |a 351.74/.75  |2 2011 
080 |a 351.74/.76+614.842  |2 2011 
080 |a (437.3)  |2 2011 
080 |a (439)  |2 2011 
080 |a (438)  |2 2011 
080 |a (437.6)  |2 2011 
080 |a (048.8)  |2 2011 
100 1 |a Tvrdá, Kateřina  |4 aut  |9 446616 
245 1 0 |a Vnitřní bezpečnostní sbory a zpravodajské služby ve Střední Evropě  |b mapování proměn vnitřního bezpečnostního pole na případech České republiky, Maďarska, Polska a Slovenska  |c Kateřina Tvrdá 
250 |a 1. vydání 
264 1 |a Brno  |b Centrum pro studium demokracie a kultury  |b Masarykova univerzita  |c 2018 
300 |a 273 strán  |b grafy, schémy, tabuľky  |c 21 cm 
336 |a text  |b txt  |2 rdacontent 
337 |a bez média  |b n  |2 rdamedia 
338 |a zväzok  |b nc  |2 rdacarrier 
490 1 |a Politologická řada  |v svazek č. 70 
500 |a Obsahuje zoznam súvisiacich právnych predpisov na strane 236-250 
500 |a Obsahuje poznámky pod čiarou ; zoznam skratiek na strane 251-256 ; zoznam tabuliek, grafov a schém na strane 269-270 
504 |a Obsahuje bibliografiu na strane 217-236 ; bibliografické odkazy 
650 0 7 |a vnútorná bezpečnosť  |2 SNKPH  |9 99693 
650 0 7 |a teória  |2 SNKPH  |9 3883 
650 0 7 |a bezpečnostné zbory  |2 SNKPH  |9 104513 
650 0 7 |a Internal security  |2 SNKPHeng  |9 337942 
650 0 7 |a Safety forces  |2 SNKPHeng  |9 267751 
651 7 |a krajiny Vyšehradskej skupiny  |2 SNKPHgeo  |9 159934 
651 7 |a Česko  |2 SNKPHgeo  |9 16753 
651 7 |a Maďarsko  |2 SNKPHgeo  |9 16754 
651 7 |a Poľsko  |2 SNKPHgeo  |9 16755 
651 7 |a Slovensko  |2 SNKPHgeo  |9 14231 
651 7 |a Visegrad Group countries  |2 SNKPHeng  |9 232723 
651 7 |a Czechia  |2 SNKPHeng  |9 170107 
651 7 |a Hungary  |2 SNKPHeng  |9 265263 
651 7 |a Poland  |2 SNKPHeng  |9 265193 
651 7 |a Slovakia  |2 SNKPHeng  |9 92630 
655 7 |a monografie  |2 SNKPH  |9 70139 
655 7 |a Monographs  |2 SNKPHeng  |9 120675 
830 0 |a Politologická řada  |9 310602 
919 |a 978-80-7325-465-0 
919 |a 978-80-210-9143-6 
958 |a OND 
958 |a ZS 
958 |a NB 
999 |c 774449  |d 776379 
952 |a SNK  |b SNK  |y VYP  |7 0  |p 17A1394107  |o snkSC 184991 D1  |i snk2020/2357  |8 4  |g 8.89  |0 0  |1 0  |4 0  |d 2019-04-16  |l 0  |r 2026-02-24 00:45:36  |w 2026-02-24 
952 |a SNK  |b SNK  |y PREZ  |7 0  |p 17A1373993  |o snkSC 184991  |i snk2019/17274  |8 2  |g 9.62  |0 0  |1 0  |4 0  |d 2019-04-04  |f 1  |l 0  |r 2026-02-24 00:45:36  |w 2026-02-24